000 00366nam a2200145Ia 4500
008 100122s9999 xx 000 0 und d
082 _b11520
_a50
245 _aऔदुंबर
300 _a152
520 _aदिवाळी - 2003
620 _aदिवाळी - 2003
630 _aऔदुंबर
730 _aऔदुंबर
942 _cBOOK
999 _c385039
_d385036